Quy hoạch tuyến tính

Guardat en:
Dades bibliogràfiques
Autor principal: Nguyễn Ngọc Thắng
Format: Llibre
Publicat: H. ĐH Quốc gia 2004
Matèries:
Etiquetes: Afegir etiqueta
Sense etiquetes, Sigues el primer a etiquetar aquest registre!
Thư viện lưu trữ: Trung tâm Học liệu Lê Vũ Hùng, Trường Đại học Đồng Tháp
LEADER 00707pam a22002298a 4500
001 00020318
005 20171026081023.0
008 110517s2004 ||||||Viesd
020 |c 18200 
041 0 # |a Vie 
082 1 4 |b QU600H  |a 512.007 1 
100 1 4 |a Nguyễn Ngọc Thắng 
245 0 0 |a Quy hoạch tuyến tính  |c Nguyễn Ngọc Thắng 
260 # # |b ĐH Quốc gia  |c 2004  |a H. 
300 # # |a 147 tr.  |c 24 cm. 
650 # 4 |a Quy hoạch tuyến tính 
653 # # |a Giáo trình 
653 # # |a Toán học 
852 # # |b Kho đọc  |j KD.0005763 
852 # # |j KD.0005763 
910 0 # |a nhnam  |d 17/05/2011 
980 # # |a Trung tâm Học liệu Lê Vũ Hùng, Trường Đại học Đồng Tháp